000 01041nam a2200301 i 4500
001 bg
003 BPK
005 20250729063851.0
008 020718s1977 pl a |000 0 pol
015 _aPB 1978/1462
040 _aWA N
_cBPK
080 _a004.438
080 _a(07)
100 1 _aCzech, Zbigniew
_eAutor
245 1 0 _aProgramowanie w języku BASIC /
_cZbigniew Czech, Krzysztof Nałęcki, Stanisław Wołek.
260 _aWarszawa :
_bWydawnictwa Naukowo-Techniczne,
_c1977.
300 _a168, [4] s. :
_bil., tabl., wykr. ;
_c21 cm.
490 1 _aInformatyka.
504 _aBibliogr.
655 4 _aPodręcznik
650 4 _aBASIC (język programowania)
700 1 _aNałęcki, Krzysztof.
700 1 _aWołek, Stanisław.
710 2 _aWydawnictwa Naukowo-Techniczne
_4pbl.
830 0 _aInformatyka (Wydawnictwa Naukowo-Techniczne)
856 _uhttp://koha.tu.koszalin.pl/cgi-bin/koha/opac-detail.pl?biblionumber=27900
_yKatalog online BPK
942 _2UKD
_cKS
999 _c27900
_d27900